Role of membranes in secretory processes. : Proceedings of the 1971 meeting of the International Conference on Biological Membranes.

Saved in:
Bibliographic Details
Corporate Author: International Conference on Biological Membranes (Gargnano, Italy, (1971.))
Other Authors: Bolis, Liana, Keynes, R. D., Wilbrandt, W., Wilbrandt ed
Format: Conference Proceeding Book
Language:English
Published: Amsterdam, : North Holland Pub. Co.,, 1972.
Subjects:
LEADER 01398nam a2200337 i 4500
001 c000309280
003 CARM
005 00000000000000.0
008 840229s1972 ne 0 eng d
019 1 |a 585486  |z 3558652  |z 5101304  |z 41124729  |5 LACONCORD2021 
035 |a (OCoLC)609281  |5 LACONCORD2021 
082 0 4 |a 574.8/75 
111 2 |a International Conference on Biological Membranes.  |e Gargnano, Italy, (1971.) 
245 1 0 |a Role of membranes in secretory processes. :  |b Proceedings of the 1971 meeting of the International Conference on Biological Membranes.  |c Editors: Liana Bolis, R. D. Keynes [and] W. Wilbrandt. 
260 |a Amsterdam, :  |b North Holland Pub. Co.,,  |c 1972. 
300 |a 485 p. :  |b ill. 
504 |a Includes bibliographical references. 
504 |a Includes bibliographical references. 
650 0 |a Membranes (Biology) 
650 0 |a Biological transport. 
650 0 |a Secretion. 
650 0 |a Membranes (Biology)  |x Congresses. 
650 0 |a Biological transport  |x Congresses. 
650 0 |a Secretion  |x Congresses. 
700 1 |a Bolis, Liana. 
700 1 |a Keynes, R. D. 
700 1 |a Wilbrandt, W. 
700 0 |a Wilbrandt  |b ed. 
852 8 |b CARM  |h A2:AB01h0  |i B10622  |p 0500619  |f BK 
999 f f |i b90795e4-cb67-53a5-8e44-cfdc3cfaec35  |s 8502f56e-c0ef-512a-88f5-26b2f46f78bc 
952 f f |p Can circulate  |a CAVAL  |b CAVAL  |c CAVAL  |d CARM 1 Store  |e B10622  |f A2:AB01h0  |h Other scheme  |i book  |m 0500619